Red TV Tracklist! - Statistics

General Stats
  • This quiz has been taken 93 times
  • The average score is 24 of 30
Answer Stats
Track # Song % Correct
6 22
98%
2 Red
98%
8 We Are Never Ever Getting Back Together
98%
5 All Too Well
96%
1 State Of Grace
96%
20 State Of Grace
96%
4 I Knew You Were Trouble
94%
25 Message in a Bottle
85%
24 Babe
83%
11 Holy Ground
83%
23 Nothing New
81%
3 Treacherous
81%
21 Ronan
79%
7 I Almost Do
77%
18 Come Back... Be Here
75%
28 Run
75%
15 Starlight
75%
10 The Last Time
75%
17 The Moment I Knew
75%
16 Begin Again
73%
29 The Very First Night
73%
27 Forever Winter
71%
19 Girl At Home
71%
26 I Bet You Think About Me
71%
22 Better Man
69%
14 Everything Has Changed
69%
12 Sad Beautiful Tragic
69%
9 Stay Stay Stay
69%
13 The Lucky One
69%
30 All Too Well (Ten Minute Version)
48%
No matching quizzes found
Score Distribution
Percent of People with Each Score
Percentile by Number Answered
Your Score History
You have not taken this quiz